| 000 | 01156nam a2200325 a 4500 | ||
|---|---|---|---|
| 001 | 74989 | ||
| 003 | BD-RjUL | ||
| 005 | 20211209082630.0 | ||
| 008 | 890922s1986 nyub 000 0 eng d | ||
| 020 | _a080874769X | ||
| 035 | _a(BD-RjUL)75207 | ||
| 040 |
_aBD-RjUL _beng _cBD-RjUL |
||
| 041 | _aeng | ||
| 082 |
_223 _a551 _bHAE 1986 |
||
| 092 | _aD0400471278 | ||
| 100 | 1 |
_aHamblin, W. Kenneth _q(William Kenneth), _d1928-2009. _9226622 |
|
| 245 | 1 | 0 |
_aExercises in physical geology / _cW. K. Hamblin, J. D. Howard |
| 250 | _a6th ed | ||
| 260 |
_aNew York : _bMacmillan ; _aLondon : _bCollier Macmillan, _c1986 |
||
| 300 |
_a191 p. : _bill. (some col.), maps (some col.) ; _c31 cm |
||
| 500 | _aIncludes loose folded colored map: Physiographic map of earth | ||
| 650 | 0 |
_aGeology _vMaps _9226623 |
|
| 650 | 0 |
_aGeology, Structural _xLaboratory manuals _9226624 |
|
| 650 | 0 |
_aGeomorphology _xLaboratory manuals _9226625 |
|
| 650 | 0 |
_aPetrology _xLaboratory manuals _9226626 |
|
| 650 | 0 |
_aPhysical geology _xLaboratory manuals. _9226627 |
|
| 700 | 1 |
_aHoward, James D. _9226629 |
|
| 942 |
_2ddc _cBK |
||
| 999 |
_c74989 _d74989 |
||